Central Library OPAC University of Rajshahi

Bright day / (Record no. 18481)

MARC details
000 -LEADER
fixed length control field 00681cam a2200229u 4500
001 - CONTROL NUMBER
control field 18481
003 - CONTROL NUMBER IDENTIFIER
rucl marc code BD-RjUL
005 - DATE AND TIME OF LATEST TRANSACTION
control field 20211209000306.0
008 - FIXED-LENGTH DATA ELEMENTS--GENERAL INFORMATION
fixed length control field 140220r19681946enk 000 0 eng d
035 ## - SYSTEM CONTROL NUMBER
System control number (BD-RjUL)18539
040 ## - CATALOGING SOURCE
Original cataloging agency DLC
Transcribing agency CarP
Modifying agency DLC
-- BD-RjUL
Language of cataloging eng
041 ## - LANGUAGE CODE
Language code of text/sound track or separate title eng
082 00 - DEWEY DECIMAL CLASSIFICATION NUMBER
Classification number 813.54
Author mark and year PRB 1968
Edition number 21
100 1# - MAIN ENTRY--PERSONAL NAME
Personal name Priestley, J. B.
Fuller form of name (John Boynton),
Dates associated with a name 1894-1984.
9 (RLIN) 56942
245 10 - TITLE STATEMENT
Title Bright day /
Statement of responsibility, etc. J. B. Priestley
260 ## - PUBLICATION, DISTRIBUTION, ETC. (IMPRINT)
Place of publication, distribution, etc. New York and London :
Name of publisher, distributor, etc. Harper & brothers,
Date of publication, distribution, etc. 1946. [Reprinted 1968]
300 ## - PHYSICAL DESCRIPTION
Pagination 286 p.;
Size 22 cm.
650 ## - SUBJECT ADDED ENTRY--TOPICAL TERM
Topical term or geographic name as entry element Screenwriters -- Fiction
9 (RLIN) 56943
942 ## - ADDED ENTRY ELEMENTS (KOHA)
Source of classification or shelving scheme Dewey Decimal Classification
Koha item type Books
Holdings
Lost status Source of classification or shelving scheme Damaged status Not for loan Collection code Permanent Location Current Location Shelving location Date acquired Source of acquisition Cost, normal purchase price Total Checkouts Full call number Date last seen Copy number Koha item type
  Dewey Decimal Classification   Not For Loan Fiction Central Library, University of Rajshahi Central Library, University of Rajshahi Reading Room 15/12/1969 Zeit 0.35   813.54 PRB 1968 20/02/2014 C-1 Books